000 01265nam a2200361 i 4500
001 768714001
003 CO-MdFUSB
005 20220625062550.0
007 ta
008 051213t19862005sp ||| ||spa
017 _aB 39496-2005
_bOficina Depósito Legal Barcelona
020 _a8425415705
040 _aSpMaBN
_bspa
_cCO-MdFUSB
_erdc
_dCO-MdFUSBC
041 1 _aspa
_hara
082 _223
_a297.122
_bC812
245 3 _aEl Corán
_c/ editado y traducido por Julio Cortés
250 _aNovena edición revisada
264 1 _aBarcelona :
_bHerder,
_c[1986]
264 4 _c© 1986
300 _aLXXX, 779 páginas.
_c18 cm
336 _2rdacontent
_atexto
_btxt
337 _2rdamedia
_asin mediación
_bn
338 _2rdacarrier
_avolumen
_bnc
505 _aExordio. -- La vaca. -- La familia de Imrán. -- Las mujeres. -- Las mesas servidas. -- Los rebaños. -- Los lugares elevados. -- El botín. -- El arrepentimiento. -- Jonás. -- Hud. -- José. -- El trueno. -- Abraham. -- Al Hichr
563 _aRústico
650 7 _2
_aIslamismo
_96903
653 _aCorán
700 1 _aCortés, Julio
_d1924-2009
_eeditor y traductor
942 _cBK
945 _aJTF-925
_bAEM-53
999 _c66161
_d66161